000 00315nam a2200133Ia 4500
008 231129s1979||||xx |||||||||||||| ||spa||
040 _bspa
082 _a813 C811d
100 _aCorman Avery
245 0 _aDivorciados
260 _c1979
264 _aBogotá Colombia : Cí­rculo de Lectores
942 _2ddc
_cBKS
999 _c9706
_d9706